{"text_format":"3","workbook":"xlsx","n_sheets":1,"sheets":["采购清单"],"not_rendered":{"images":147,"defined_names":2},"read":"whole","date_system":"1900"}

{"sheet":"采购清单","index":0,"n_rows":154,"n_cols":18,"rows_kept":154,"merged":[[0,0,0,17],[152,0,152,15],[153,0,153,17]]}
["东莞市水务集团净水有限公司2024年劳保消防物资采购项目采购清单"]
["序号","物资重要程度","物资类别","物资名称","推荐品牌","规格型号","用途","单位","净水公司暂定数量","石鼓公司暂定数量","樟村公司暂定数量","合计暂定数量","不含税预算综合单价（元）","净水公司公司不含税预算小计（元）","石鼓公司不含税预算小计（元）","樟村公司不含税预算小计（元）","不含税预算小计（元）","  参考图样"]
[1,"▲","劳保物资","高压绝缘垫","3M、谋福、回固、SHEFFIELD/钢盾、WEISI/威士","宽度1米*厚度5mm耐电压10kv","高低压配电房用","米",0,1035,100,{"v":1135,"d":"1135.00"},91.33,{"$f":"I3*M3","v":{"v":0,"d":"0.00"}},{"$f":"J3*M3","v":94526.55},{"$f":"M3*K3","v":{"v":9133,"d":"9133.00"}},{"$f":"P3+O3+N3","v":103659.55}]
[2,"▲","劳保物资","四合一便携式气体检测仪","希玛、保时安、爱德克斯、艾科思、伊美尔","检测气体：氧气/硫化氢/一氧化碳/可燃气体","环境气体检测、测试","台",0,27,0,{"v":27,"d":"27.00"},{"v":824.3,"d":"824.30"},{"$f":"I4*M4","v":{"v":0,"d":"0.00"}},{"$f":"J4*M4","v":{"v":22256.1,"d":"22256.10"}},{"$f":"M4*K4","v":{"v":0,"d":"0.00"}},{"$f":"P4+O4+N4","v":{"v":22256.1,"d":"22256.10"}}]
[3,"▲","劳保物资","一次性丁睛手套","英科/爱马斯/高邦","100只/盒装（有粉）  颜色：白色或蓝色","手部防护","盒",0,848,0,{"v":848,"d":"848.00"},{"v":30.9,"d":"30.90"},{"v":0,"d":"0.00"},{"v":26203.2,"d":"26203.20"},{"v":0,"d":"0.00"},{"v":26203.2,"d":"26203.20"}]
[4,"▲","劳保物资","一次性丁睛手套","英科/爱马斯/高邦","100只/盒（无粉）  颜色：白色或蓝色","手部防护","盒",0,500,0,{"v":500,"d":"500.00"},30.37,{"v":0,"d":"0.00"},{"v":15185,"d":"15185.00"},{"v":0,"d":"0.00"},{"v":15185,"d":"15185.00"}]
[5,"▲","消防物资","正压式呼吸器","3M/霍尼韦尔/梅思安","全套空气呼吸器正压式消防空气呼吸器面罩防火用呼吸器，6.8L，瓶身碳纤维","有限空间呼吸防护","套",0,12,0,{"v":12,"d":"12.00"},3582.65,{"v":0,"d":"0.00"},{"v":42991.8,"d":"42991.80"},{"v":0,"d":"0.00"},{"v":42991.8,"d":"42991.80"}]
[6,"▲","劳保物资","通风机","阿斯卡利、 六奥、HEYUNCN、 欧士戈、阿斯卡利","防爆型，功率550kw，220v，轴流风机，ctF3-2","有限空间作业通风","台",0,13,0,{"v":13,"d":"13.00"},1236.28,{"v":0,"d":"0.00"},16071.64,{"v":0,"d":"0.00"},16071.64]
[7,"▲","劳保物资","救援三脚架","谋福、援邦、趣行、EZH","材质：高强度铝合金，可伸缩支脚，自适应底脚设有环形保护链，优等自锁绞盘，工作负荷≥180kg，消防认证，安全系数：10.规格：支架展开工作高度≥2米，绞盘钢缆长20M","井下救援、有限空间作业使用","套",0,6,0,{"v":6,"d":"6.00"},1449.29,{"v":0,"d":"0.00"},8695.74,{"v":0,"d":"0.00"},8695.74]
[8,"▲","劳保物资","救生圈","东台、一顺、泰兴","2.5KG加厚实心塑料","紧急救生","个",0,1000,200,{"v":1200,"d":"1200.00"},86.66,{"v":0,"d":"0.00"},{"v":86660,"d":"86660.00"},{"v":17332,"d":"17332.00"},{"v":103992,"d":"103992.00"}]
[9,null,"劳保物资","长管式呼吸器","东消、威固、邑固、谋福","管线长度：20米   佩戴方式：头戴式 类型：电动送风系统适用人数：4人；  工作电源：220VAC/50HZ     工作电流：6A     额定功率：72W    工作电压： 12V DC  外壳材质：不锈钢","功能：蓄电池送风，无电情况下保证正常工作。         用途：有限空间使用","套",0,1,0,{"v":1,"d":"1.00"},2688.49,{"v":0,"d":"0.00"},2688.49,{"v":0,"d":"0.00"},2688.49]
[10,null,"劳保物资","紧急逃生呼吸器","星工、普达、惠利得、谋福、江固、邑固、江波","瓶身材质：3L碳纤维瓶               压缩空气瓶、减压器、压力表、输气导管、头罩、背包符ISO23269-1:2008标准，同时满足欧盟船用设备指令(MED)96/98EC要求以及1974年SOLAS公约2000修生案11-2章/13.4和国际消防安全系统规则(FSS)规则第3章2.2","用途：有限空间使用紧急逃生","套",0,110,2,{"v":112,"d":"112.00"},1092.19,{"v":0,"d":"0.00"},{"v":120140.9,"d":"120140.90"},2184.38,122325.28]
[11,null,"劳保物资","救生圈护套","任意品牌","牛津布、防水、防晒","防止救生圈老化","套",0,738,0,{"v":738,"d":"738.00"},37.43,{"v":0,"d":"0.00"},27623.34,{"v":0,"d":"0.00"},27623.34]
[12,null,"劳保物资","救生圈储存箱","IGIFTFIRE、百舟、悍狼、瑞弗莱克","材质：不锈钢304\n净重：5kg或以上；\n尺寸：800mm*800mm*200mm；                                                                                                                                                                                                                                                                                                                                                    配件材质：不锈钢；产品厚度：3mm","救生圈储存","个",0,225,0,{"v":225,"d":"225.00"},1128.61,{"v":0,"d":"0.00"},253937.25,{"v":0,"d":"0.00"},253937.25]
[13,null,"劳保物资","大浮力救生圈救生腰带","百舟、金固雨、斯翼安","材质：牛津     产品净重：0.4kg  产品尺寸 标准","救援应急用品","条",1,0,0,{"v":1,"d":"1.00"},132.86,132.86,{"v":0,"d":"0.00"},{"v":0,"d":"0.00"},132.86]
[14,null,"劳保物资","挂钩（救生圈）","任意品牌","不锈钢S型挂钩","现场悬挂救生圈","件",0,485,0,{"v":485,"d":"485.00"},32.51,{"v":0,"d":"0.00"},15767.35,{"v":0,"d":"0.00"},15767.35]
[15,null,"劳保物资","救生浮绳（含护套）","东台、祥跃、无锡","橘色，材质涤纶，绳长每条20米，绳径8mm,一环一扣，含保护套","与船用救生圈配套使用","条",0,1353,0,{"v":1353,"d":"1353.00"},43.66,{"v":0,"d":"0.00"},59071.98,{"v":0,"d":"0.00"},59071.98]
[16,null,"劳保物资","盒装浮索","任意品牌","用救生浮索塑壳救生绳 8mm*30米","带壳水上救生绳 盒装浮索","条",1,60,0,61,50.68,50.68,{"v":3040.8,"d":"3040.80"},{"v":0,"d":"0.00"},3091.48]
[17,null,"劳保物资","救生杆","启泰、渔乐、永晟","3m","紧急救生","条",0,153,0,{"v":153,"d":"153.00"},83.72,{"v":0,"d":"0.00"},12809.16,{"v":0,"d":"0.00"},12809.16]
[18,null,"劳保物资","捞渣网","任意品牌","网眼小于2mm，可伸缩","清理水池用","支",0,75,0,{"v":75,"d":"75.00"},88.62,{"v":0,"d":"0.00"},{"v":6646.5,"d":"6646.50"},{"v":0,"d":"0.00"},{"v":6646.5,"d":"6646.50"}]
[19,null,"劳保物资","救生衣","永晟、一顺、泰兴","带救生口哨，反光条","紧急水用救生使用","件",0,44,0,{"v":44,"d":"44.00"},42.41,{"v":0,"d":"0.00"},1866.04,{"v":0,"d":"0.00"},1866.04]
[20,null,"劳保物资","户外安全绳","利奇、腾达、守众","每条20米，股径不少于8mm，带双钩，内芯为钢丝","高空防坠紧急安全使用","条",0,113,0,{"v":113,"d":"113.00"},48.38,{"v":0,"d":"0.00"},5466.94,{"v":0,"d":"0.00"},5466.94]
[21,null,"劳保物资","高空作业安全绳套装","利奇、腾达、守众","颜色：橙色；材料：高强丙纶材质+合金钢；认证：LA CE；拉力：22KN；静载荷≥1200kg；绳长：10m可调节","防坠安全逃生","套",0,68,0,{"v":68,"d":"68.00"},77.76,{"v":0,"d":"0.00"},5287.68,{"v":0,"d":"0.00"},5287.68]
[22,null,"劳保物资","麻绳","任意品牌","直径18毫米","多种环境可使用","米",1,0,0,{"v":1,"d":"1.00"},2.54,2.54,{"v":0,"d":"0.00"},{"v":0,"d":"0.00"},2.54]
[23,null,"劳保物资","尼龙绳","利奇、腾达、守众","直径：6-8mm","紧急安全使用","米",0,790,1000,{"v":1790,"d":"1790.00"},3.42,{"v":0,"d":"0.00"},{"v":2701.8,"d":"2701.80"},{"v":3420,"d":"3420.00"},{"v":6121.8,"d":"6121.80"}]
[24,null,"劳保物资","防坠网(软尼龙绳)","任意品牌","尺寸直径700mm＋不锈钢挂钩","污泥井雨水井防护","个",0,90,0,{"v":90,"d":"90.00"},12.23,{"v":0,"d":"0.00"},{"v":1100.7,"d":"1100.70"},{"v":0,"d":"0.00"},{"v":1100.7,"d":"1100.70"}]
[25,null,"劳保物资","救援拖车绳","任意品牌","长度3米，3吨牵引绳钩捆绑带加厚","车辆牵引使用","套",0,7,0,{"v":7,"d":"7.00"},31.77,{"v":0,"d":"0.00"},222.39,{"v":0,"d":"0.00"},222.39]
[26,null,"劳保物资","五点式安全带","3M/霍尼韦尔/上海守众","国标，双钩背腰带式2m*150kg、锻镀锌钢配件、高强度聚酯绳","高空全身式防护保护","条",0,102,0,{"v":102,"d":"102.00"},160.09,{"v":0,"d":"0.00"},16329.18,{"v":0,"d":"0.00"},16329.18]
[27,null,"劳保物资","安全帽","3M/霍尼韦尔/梅思安","附带特防中心检验报告，前面和两侧分别印LOGO和公司名称","头部防护","顶",0,312,0,{"v":312,"d":"312.00"},40.65,{"v":0,"d":"0.00"},{"v":12682.8,"d":"12682.80"},{"v":0,"d":"0.00"},{"v":12682.8,"d":"12682.80"}]
[28,null,"劳保物资","安全帽","3M/霍尼韦尔/梅思安","防砸防冲击透气，前面和两侧分别印LOGO和公司名称","用于日常检查工作，到项目检查。","顶",10,182,10,{"v":202,"d":"202.00"},40.65,{"v":406.5,"d":"406.50"},{"v":7398.3,"d":"7398.30"},{"v":406.5,"d":"406.50"},{"v":8211.3,"d":"8211.30"}]
[29,null,"劳保物资","防晒帽","任意品牌","加大帽檐15cm配遮阳帘子","现场工作防晒使用","顶",0,665,0,{"v":665,"d":"665.00"},27.17,{"v":0,"d":"0.00"},18068.05,{"v":0,"d":"0.00"},18068.05]
[30,null,"劳保物资","草帽","任意品牌","尺寸：直径52CM","遮阳防晒","顶",0,100,0,{"v":100,"d":"100.00"},8.24,{"v":0,"d":"0.00"},{"v":824,"d":"824.00"},{"v":0,"d":"0.00"},{"v":824,"d":"824.00"}]
[31,null,"劳保物资","有机玻璃防护面罩及头盔","3M、霍尼韦尔、蓝鹰","有机玻璃面屏，面罩以及头盔","面部防护防冲击防飞溅使用","个",0,69,0,{"v":69,"d":"69.00"},57.58,{"v":0,"d":"0.00"},3973.02,{"v":0,"d":"0.00"},3973.02]
[32,null,"劳保物资","有机玻璃防护面罩以及支架","3M、霍尼韦尔、蓝鹰","PC聚碳酸酯；功能：防冲击、防飞溅、防刮擦，可套在安全帽上","对面部防冲击、防飞溅、防刮擦","个",0,10,0,{"v":10,"d":"10.00"},73.77,{"v":0,"d":"0.00"},{"v":737.7,"d":"737.70"},{"v":0,"d":"0.00"},{"v":737.7,"d":"737.70"}]
[33,null,"劳保物资","氩弧焊面罩","3M/代尔塔/路桥","可戴式","电焊时面罩","顶",0,22,0,{"v":22,"d":"22.00"},104.42,{"v":0,"d":"0.00"},2297.24,{"v":0,"d":"0.00"},2297.24]
[34,null,"劳保物资","防护眼镜","3M/霍尼韦尔/百工/合盛","材质：PC聚碳酸酯；功能：防冲击、防飞溅、防刮擦","眼部防护","副",0,369,20,{"v":389,"d":"389.00"},14.37,{"$f":"I36*M36","v":{"v":0,"d":"0.00"}},{"$f":"J36*M36","v":5302.53},{"$f":"M36*K36","v":{"v":287.4,"d":"287.40"}},{"$f":"P36+O36+N36","v":5589.93}]
[35,null,"劳保物资","电焊护目镜","3M/霍尼韦尔/百工/合盛","聚碳酸酯镜片、乙烯镜框、防高强度光、黑色、镜腿可折叠","电焊，切割","副",0,35,0,{"v":35,"d":"35.00"},{"v":24.1,"d":"24.10"},{"v":0,"d":"0.00"},{"v":843.5,"d":"843.50"},{"v":0,"d":"0.00"},{"v":843.5,"d":"843.50"}]
[36,null,"劳保物资","电焊面罩","台达/路桥/百工","佩戴式","保护面部、眼睛","个",0,7,0,{"v":7,"d":"7.00"},41.81,{"v":0,"d":"0.00"},292.67,{"v":0,"d":"0.00"},292.67]
[37,null,"劳保物资","防毒面罩+沼气滤盒","3M、霍尼韦尔、代尔塔、MSA/梅思安","半面罩+滤盒套装+滤棉盖","防毒气体呼吸防护使用","套",0,309,30,{"v":339,"d":"339.00"},164.48,{"v":0,"d":"0.00"},50824.32,{"v":4934.4,"d":"4934.40"},55758.72]
[38,null,"劳保物资","防毒面罩+有机滤盒","3M、霍尼韦尔、代尔塔、MSA/梅思安","半面罩滤毒盒、滤棉及滤棉盖","防毒气体呼吸防护使用","套",0,97,0,{"v":97,"d":"97.00"},135.57,{"v":0,"d":"0.00"},13150.29,{"v":0,"d":"0.00"},13150.29]
[39,null,"劳保物资","耳罩","3M、霍尼韦尔、以勒","工业用防噪音","耳部防护，防噪音使用","个",0,54,0,{"v":54,"d":"54.00"},56.99,{"v":0,"d":"0.00"},3077.46,{"v":0,"d":"0.00"},3077.46]
[40,null,"劳保物资","防噪音海棉耳塞","3M/霍尼韦尔/代尔塔","带线 100副/盒","耳部防护","盒",0,15,0,{"v":15,"d":"15.00"},89.72,{"v":0,"d":"0.00"},{"v":1345.8,"d":"1345.80"},{"v":0,"d":"0.00"},{"v":1345.8,"d":"1345.80"}]
[41,null,"劳保物资","海棉耳塞分配器","3M/霍尼韦尔/代尔塔、达林韦尔","分配器（内含500副耳塞）                                                                                                                                                                                                                                                                                                                                                                           是否带线：不带线\n佩戴方式：入耳式\n类型：耳塞分配器\n材质：聚酰胺酯\n形状：钟型","储存海棉耳塞","个",1,0,0,{"v":1,"d":"1.00"},450.71,450.71,{"v":0,"d":"0.00"},{"v":0,"d":"0.00"},450.71]
[42,null,"劳保物资","活性炭口罩","3m/霍尼韦尔/朝美","KN95","呼吸防护，防尘防雾霾气体过滤","个",0,340,0,{"v":340,"d":"340.00"},5.43,{"v":0,"d":"0.00"},{"v":1846.2,"d":"1846.20"},{"v":0,"d":"0.00"},{"v":1846.2,"d":"1846.20"}]
[43,null,"劳保物资","工业劳保滤菌棉纱口罩","朝美、3M、霍尼韦尔","符合YY0469-2011的要求，独立包装LA、全国工业生产许可证表层为40S纱布,第二层为ES防尘棉第三层为SMS无纺布,第四层为KN95过滤材料,第五层为ES防尘棉","呼吸防护，防尘防雾霾气体过滤","个",0,90,0,{"v":90,"d":"90.00"},2.39,{"v":0,"d":"0.00"},{"v":215.1,"d":"215.10"},{"v":0,"d":"0.00"},{"v":215.1,"d":"215.10"}]
[44,null,"劳保物资","活性炭口罩","3m/霍尼韦尔/朝美","四层防尘口罩，50只/盒","呼吸防护，气体过滤","盒",0,352,0,{"v":352,"d":"352.00"},28.13,{"v":0,"d":"0.00"},9901.76,{"v":0,"d":"0.00"},9901.76]
[45,null,"劳保物资","复合式紧急喷淋立式洗眼器","西斯贝尔、霍尼韦尔、斯壮格","全套304不锈钢无缝管材质，底座5mm加厚，抗酸碱耐腐蚀。一年内包换零件","眼部及全身紧急冲洗冲淋","套",0,21,0,{"v":21,"d":"21.00"},{"v":1454.4,"d":"1454.40"},{"v":0,"d":"0.00"},{"v":30542.4,"d":"30542.40"},{"v":0,"d":"0.00"},{"v":30542.4,"d":"30542.40"}]
[46,null,"劳保物资","3M反光贴","路达、新标识、3M","车身反光贴，强力反光，宽5cm,45米/卷，材质PET材质","车身反光贴","卷",0,8,0,{"v":8,"d":"8.00"},267.47,{"v":0,"d":"0.00"},2139.76,{"v":0,"d":"0.00"},2139.76]
[47,null,"劳保物资","反光带","路达、新标识、3M","红白色，3M反光，宽5cm，45米/卷","日常防护物资","卷",1,0,0,{"v":1,"d":"1.00"},168.17,168.17,{"v":0,"d":"0.00"},{"v":0,"d":"0.00"},168.17]
[48,null,"劳保物资","安全警示带","路达、新标识、3M","红、白色相间 卷式隔离带一次性，胶质，100米/卷，宽6CM","警示、隔离","卷",0,593,100,{"v":693,"d":"693.00"},7.26,{"v":0,"d":"0.00"},4305.18,{"v":726,"d":"726.00"},5031.18]
[49,null,"劳保物资","反光地贴胶带","路达、新标识、3M","黄黑光面,宽10CM, 20米/卷","地面警示分类隔离使用","卷",0,30,0,{"v":30,"d":"30.00"},23.01,{"v":0,"d":"0.00"},{"v":690.3,"d":"690.30"},{"v":0,"d":"0.00"},{"v":690.3,"d":"690.30"}]
[50,null,"劳保物资","反光地贴胶带","路达、新标识、3M","黄黑光面,宽5CM, 45.7米/卷","地面警示分类隔离使用","卷",0,10,0,{"v":10,"d":"10.00"},12.95,{"v":0,"d":"0.00"},{"v":129.5,"d":"129.50"},{"v":0,"d":"0.00"},{"v":129.5,"d":"129.50"}]
[51,null,"劳保物资","经济型防撞护角","任意品牌","4个每包","环境防撞","包",0,100,0,{"v":100,"d":"100.00"},6.19,{"v":0,"d":"0.00"},{"v":619,"d":"619.00"},{"v":0,"d":"0.00"},{"v":619,"d":"619.00"}]
[52,null,"劳保物资","免贴款防撞条","任意品牌","宽4cm*厚3cm","防碰撞","卷",0,31,0,{"v":31,"d":"31.00"},37.76,{"v":0,"d":"0.00"},1170.56,{"v":0,"d":"0.00"},1170.56]
[53,null,"劳保物资","防滑条","任意品牌","自带3M背胶，黄色","安全生产","米",1,0,0,{"v":1,"d":"1.00"},13.07,13.07,{"v":0,"d":"0.00"},{"v":0,"d":"0.00"},13.07]
[54,null,"劳保物资","安全出口指示灯","敏华/桂安/普洛得","单面 安全出口，3C认证 新国标LED，1W，自带蓄电池，应急时间大于或等于90min","断电紧急供电使用","个",10,75,0,{"v":85,"d":"85.00"},36.84,{"v":368.4,"d":"368.40"},{"v":2763,"d":"2763.00"},{"v":0,"d":"0.00"},{"v":3131.4,"d":"3131.40"}]
[55,null,"劳保物资","led户外大功率超亮室内外路灯","欧普／飞利浦/佳顿/OPPLE/欧普照明","50W白光","照明","个",0,3,0,{"v":3,"d":"3.00"},129.79,{"v":0,"d":"0.00"},389.37,{"v":0,"d":"0.00"},389.37]
[56,null,"劳保物资","聚光灯","欧普/飞利浦/佳顿/OPPLE/欧普照明","100W-IP65，LED","照明","个",0,13,0,{"v":13,"d":"13.00"},{"v":204.2,"d":"204.20"},{"v":0,"d":"0.00"},{"v":2654.6,"d":"2654.60"},{"v":0,"d":"0.00"},{"v":2654.6,"d":"2654.60"}]
[57,null,"劳保物资","应急照明灯","敏华、桂安、FSL、艺光","新国标3C认证消防应急灯、充电式双头式，LED，3W，自带蓄电池，应急时间大于或等于90min","断电紧急照明使用","个",10,70,0,{"v":80,"d":"80.00"},44.81,{"v":448.1,"d":"448.10"},{"v":3136.7,"d":"3136.70"},{"v":0,"d":"0.00"},{"v":3584.8,"d":"3584.80"}]
[58,null,"劳保物资","应急吸顶灯","欧普／飞利浦/OPPLE/欧普照明","普通开关控制，15w，LED","照明","个",1,0,0,{"v":1,"d":"1.00"},55.73,55.73,{"v":0,"d":"0.00"},{"v":0,"d":"0.00"},55.73]
[59,null,"劳保物资","吸顶灯","欧普/飞利浦/OPPLE/欧普照明","全白 25w白光,LED","照明","个",1,0,0,{"v":1,"d":"1.00"},66.83,66.83,{"v":0,"d":"0.00"},{"v":0,"d":"0.00"},66.83]
[60,null,"劳保物资","人工呼吸面膜","华东、沪模、优模、画婷、好万家","CPR消毒面膜，50片/盒","受伤人员紧急人工呼吸使用","盒",0,2,0,{"v":2,"d":"2.00"},66.59,{"v":0,"d":"0.00"},133.18,{"v":0,"d":"0.00"},133.18]
[61,null,"劳保物资","防爆手电筒","海洋王、神火、华升、南槺","防水防爆防震、LED灯，可充电","易燃防爆环境照明使用","个",0,43,0,{"v":43,"d":"43.00"},406.05,{"v":0,"d":"0.00"},17460.15,{"v":0,"d":"0.00"},17460.15]
[62,null,"劳保物资","防爆远射探照灯","海洋王、神火、华升、南槺","防爆.LED,强光,远程","易燃防爆环境照明使用","个",0,71,0,{"v":71,"d":"71.00"},101.48,{"v":0,"d":"0.00"},7205.08,{"v":0,"d":"0.00"},7205.08]
[63,null,"劳保物资","安全警示锥桶","任意品牌","提环橡塑-4.5斤/黑体红白膜斜纹无字，有反光","警示，隔离","个",0,334,0,{"v":334,"d":"334.00"},{"v":28.1,"d":"28.10"},{"v":0,"d":"0.00"},{"v":9385.4,"d":"9385.40"},{"v":0,"d":"0.00"},{"v":9385.4,"d":"9385.40"}]
[64,null,"劳保物资","告示牌","眼镜猴、点开、众晟、魅驹、LOVELY CASTLE/爱心城堡","小心路滑；正在维修；PP材质；上210mm*下300mm*高620mm","警示，隔离","个",0,23,0,{"v":23,"d":"23.00"},25.81,{"v":0,"d":"0.00"},593.63,{"v":0,"d":"0.00"},593.63]
[65,null,"劳保物资","铁马","任意品牌","黄黑，1.2m高*2m宽","警示，隔离，禁止通行","个",0,66,0,{"v":66,"d":"66.00"},59.06,{"v":0,"d":"0.00"},3897.96,{"v":0,"d":"0.00"},3897.96]
[66,null,"劳保物资","不锈钢铁马","任意品牌","1.5米宽*1米高","警示，隔离，禁止通行","个",0,74,0,{"v":74,"d":"74.00"},161.12,{"$f":"I68*M68","v":{"v":0,"d":"0.00"}},{"$f":"J68*M68","v":11922.88},{"$f":"M68*K68","v":{"v":0,"d":"0.00"}},{"$f":"P68+O68+N68","v":11922.88}]
[67,null,"劳保物资","警示链","任意品牌","分黄黑/红白胶链20米/包","警示，隔离","包",0,49,0,{"v":49,"d":"49.00"},46.85,{"v":0,"d":"0.00"},2295.65,{"v":0,"d":"0.00"},2295.65]
[68,null,"劳保物资","钢丝锁","任意品牌","加粗加长80cm*1.6cm","门锁","把",0,3,0,{"v":3,"d":"3.00"},{"v":23.1,"d":"23.10"},{"v":0,"d":"0.00"},{"v":69.3,"d":"69.30"},{"v":0,"d":"0.00"},{"v":69.3,"d":"69.30"}]
[69,null,"劳保物资","汽车三脚架","任意品牌","国标","超强反光","个",0,1,0,{"v":1,"d":"1.00"},16.26,{"v":0,"d":"0.00"},16.26,{"v":0,"d":"0.00"},16.26]
[70,null,"劳保物资","心肺复苏教学用假人","苏丰、医博、uitable/舒得康、冠邦、YA-MAN","半身74*36*26cm带包装","教学演练","个",0,3,0,{"v":3,"d":"3.00"},693.36,{"v":0,"d":"0.00"},2080.08,{"v":0,"d":"0.00"},2080.08]
[71,null,"劳保物资","对讲机","特易、宝锋、普乐仕、北峰、KOLEEJ/科立捷、普星","配电池1块、充电器1个、天线1根","安全作业通讯","个",0,99,0,{"v":99,"d":"99.00"},258.56,{"v":0,"d":"0.00"},25597.44,{"v":0,"d":"0.00"},25597.44]
[72,null,"劳保物资","手持喇叭","雷公王/赛拓/先科","功率50W或100W","喊话。消防演练使用","个",0,8,0,{"v":8,"d":"8.00"},323.24,{"v":0,"d":"0.00"},2585.92,{"v":0,"d":"0.00"},2585.92]
[73,null,"劳保物资","口哨","锐森、燕王、Alljoy/欧佳渔具、朱掌柜、capezio","不锈钢金属警笛训练户外求生哨子","不锈钢高频口哨","个",1,0,0,{"v":1,"d":"1.00"},5.72,5.72,{"v":0,"d":"0.00"},{"v":0,"d":"0.00"},5.72]
[74,null,"劳保物资","绝缘钩","双安、中宝、阳光、新欣、驭电","10kV，1m1节","配电房，有电环境绝缘防电使用","把",0,6,0,{"v":6,"d":"6.00"},154.41,{"v":0,"d":"0.00"},926.46,{"v":0,"d":"0.00"},926.46]
[75,null,"劳保物资","绝缘杆","双安、中宝、阳光、新欣、驭电","10kV，4节6米，可伸缩","配电房，有电环境绝缘防电使用","把",0,13,0,{"v":13,"d":"13.00"},214.95,{"v":0,"d":"0.00"},2794.35,{"v":0,"d":"0.00"},2794.35]
[76,null,"劳保物资","接地棒","双安、中宝、阳光、新欣、驭电","10KV 1米棒+线长2米*3根+15米主线","配电房，有电环境绝缘防电使用","套",0,13,0,{"v":13,"d":"13.00"},717.43,{"v":0,"d":"0.00"},9326.59,{"v":0,"d":"0.00"},9326.59]
[77,null,"劳保物资","验电棒","双安、中宝、阳光、新欣、驭电","10KV","配电房，有电环境绝缘防电使用","支",0,20,0,{"v":20,"d":"20.00"},97.86,{"v":0,"d":"0.00"},{"v":1957.2,"d":"1957.20"},{"v":0,"d":"0.00"},{"v":1957.2,"d":"1957.20"}]
[78,null,"劳保物资","有人工作，禁止操作","眼镜猴、点开、众晟、魅驹、LOVELY CASTLE/爱心城堡","尺寸：长100*高200*厚3mm，PVC板，白底，安装方式：带绳挂墙式，绳长40cm,安装地点：设备上，字体：微软雅黑 加粗","维修使用","块",0,40,0,{"v":40,"d":"40.00"},33.98,{"v":0,"d":"0.00"},{"v":1359.2,"d":"1359.20"},{"v":0,"d":"0.00"},{"v":1359.2,"d":"1359.20"}]
[79,null,"劳保物资","吊牌","任意品牌","吊牌，材质亚克力，尺寸：24*8cm","维修警示用","个",0,80,0,{"v":80,"d":"80.00"},21.06,{"v":0,"d":"0.00"},{"v":1684.8,"d":"1684.80"},{"v":0,"d":"0.00"},{"v":1684.8,"d":"1684.80"}]
[80,null,"劳保物资","单腰安全带（电工安全带）","Golmud、卡亚斯、西德宝、QYHY/情韵花语、SHEFFIELD/钢盾","加厚涤纶织带，锻造钢，符合GB6095-2009的标准。颜色不限，配带挂钩的安全绳。规格：系腰式。","高空作业防护保护","套",1,0,0,{"v":1,"d":"1.00"},114.63,114.63,{"v":0,"d":"0.00"},{"v":0,"d":"0.00"},114.63]
[81,null,"劳保物资","20米防坠器","SHEFFIELD/钢盾、WEISI/威士、安捷顺、西德宝、霍尼韦尔","20米","室外作业防坠落","条",0,10,0,{"v":10,"d":"10.00"},{"v":517.4,"d":"517.40"},{"v":0,"d":"0.00"},{"v":5174,"d":"5174.00"},{"v":0,"d":"0.00"},{"v":5174,"d":"5174.00"}]
[82,null,"劳保物资","10米防坠器","力虎王/劲友/宏建","10米","室外作业防坠落","条",0,13,0,{"v":13,"d":"13.00"},284.75,{"v":0,"d":"0.00"},3701.75,{"v":0,"d":"0.00"},3701.75]
[83,null,"劳保物资","小铁桶","宝御安、 月娥、 元井汇、 沃绣、 瑰季","4L，镀锌铁桶，带绳","采集水样","只",0,51,0,{"v":51,"d":"51.00"},27.37,{"v":0,"d":"0.00"},1395.87,{"v":0,"d":"0.00"},1395.87]
[84,null,"劳保物资","储物柜","DHP、妮莉、招财居、苏美特、京威","长900mm宽500mm高1800mm，不锈钢304","存放物品","个",1,0,0,{"v":1,"d":"1.00"},1232.86,1232.86,{"v":0,"d":"0.00"},{"v":0,"d":"0.00"},1232.86]
[85,null,"劳保物资","户外遮阳伞","任意品牌","3米*3米方形边撑（加厚）带承重座","户外遮阳","把",0,16,0,{"v":16,"d":"16.00"},299.12,{"v":0,"d":"0.00"},4785.92,{"v":0,"d":"0.00"},4785.92]
[86,null,"劳保物资","围裙","帛家/曼达萌/轩延防护","擦手防水透气、围裙+袖套","防水用","件",0,10,0,{"v":10,"d":"10.00"},18.78,{"v":0,"d":"0.00"},{"v":187.8,"d":"187.80"},{"v":0,"d":"0.00"},{"v":187.8,"d":"187.80"}]
[87,null,"劳保物资","半身连体水裤","姜太公/照优/鱼达人","105丝加厚，材质PVC，内部是舒适针织布","应急有水有沼泽的环境","件",0,124,0,{"v":124,"d":"124.00"},72.23,{"v":0,"d":"0.00"},8956.52,{"v":0,"d":"0.00"},8956.52]
[88,null,"劳保物资","白大褂（工作服）","任意品牌","短袖或长袖、材质要求全棉","实验室使用","件",0,125,10,{"v":135,"d":"135.00"},50.38,{"v":0,"d":"0.00"},{"v":6297.5,"d":"6297.50"},{"v":503.8,"d":"503.80"},{"v":6801.3,"d":"6801.30"}]
[89,null,"劳保物资","化学防护服","3M/霍尼韦尔/杜邦","C级、轻型","身体全身防护","件",0,120,0,{"v":120,"d":"120.00"},128.75,{"v":0,"d":"0.00"},{"v":15450,"d":"15450.00"},{"v":0,"d":"0.00"},{"v":15450,"d":"15450.00"}]
[90,null,"劳保物资","大衣","狼石、FREE ARMY、火力狼、劲门、盾郎","多功能大衣","保安晚上巡逻穿","件",0,30,0,{"v":30,"d":"30.00"},143.55,{"v":0,"d":"0.00"},{"v":4306.5,"d":"4306.50"},{"v":0,"d":"0.00"},{"v":4306.5,"d":"4306.50"}]
[91,null,"劳保物资","军大衣","盾牌/3515/一盾","反光条中长款，L","中长款多功能防水","件",0,35,45,{"v":80,"d":"80.00"},{"v":154,"d":"154.00"},{"v":0,"d":"0.00"},{"v":5390,"d":"5390.00"},{"v":6930,"d":"6930.00"},{"v":12320,"d":"12320.00"}]
[92,null,"劳保物资","套装雨衣","天堂、盾牌/一盾","分体式","下雨天","套",0,210,0,{"v":210,"d":"210.00"},61.44,{"v":0,"d":"0.00"},{"v":12902.4,"d":"12902.40"},{"v":0,"d":"0.00"},{"v":12902.4,"d":"12902.40"}]
[93,null,"劳保物资","冰袖","任意品牌","颜色要求：黑色，白色或其他常规颜色   材质：70D尼龙（锦纶、氨纶纤维）","手部防护","双",0,927,0,{"v":927,"d":"927.00"},24.93,{"v":0,"d":"0.00"},23110.11,{"v":0,"d":"0.00"},23110.11]
[94,null,"劳保物资","棉袖套","任意品牌","加厚加长","手部防护","双",0,283,0,{"v":283,"d":"283.00"},4.39,{"v":0,"d":"0.00"},1242.37,{"v":0,"d":"0.00"},1242.37]
[95,null,"劳保物资","线手套","任意品牌","12双/打","手部防护","打",0,2309,200,{"v":2509,"d":"2509.00"},8.11,{"v":0,"d":"0.00"},18725.99,{"v":1622,"d":"1622.00"},20347.99]
[96,null,"劳保物资","点塑线手套","HANVO、舒乐、KARNITOME/卡尼普、法森娜、申腾","耐磨、防滑","劳作保护手部","双",0,1744,200,{"v":1944,"d":"1944.00"},1.77,{"v":0,"d":"0.00"},3086.88,{"v":354,"d":"354.00"},3440.88]
[97,null,"劳保物资","手掌浸胶背部透气工作防护手套","新吉星/赛立特/星宇","丁腈胶耐油耐磨损掌面防水，材质：掌面丁腈，背部涤纶(聚酯纤维)","劳作保护手部","双",10,972,0,{"v":982,"d":"982.00"},2.48,{"v":24.8,"d":"24.80"},2410.56,{"v":0,"d":"0.00"},2435.36]
[98,null,"劳保物资","帆布手套","任意品牌","材质：帆布；厚度要求：加厚。规格12双/打。质量和其他要求：带内衬耐磨防滑劳保手套，双层，左右手。","护手耐磨","打",0,573,0,{"v":573,"d":"573.00"},16.43,{"$f":"I100*M100","v":{"v":0,"d":"0.00"}},{"$f":"J100*M100","v":9414.39},{"$f":"M100*K100","v":{"v":0,"d":"0.00"}},{"$f":"P100+O100+N100","v":9414.39}]
[99,null,"劳保物资","高、低压绝缘手套","双安、中宝、阳光","颜色要求：黑色，白色或其他常规颜色","配电房，有电环境绝缘防电使用","双",0,17,5,{"v":22,"d":"22.00"},54.43,{"v":0,"d":"0.00"},925.31,272.15,1197.46]
[100,null,"劳保物资","焊工手套","Delta、佳护、威特仕、E-BULL/逸博尔、Jasic/佳士","加厚加长","手部电焊防护","双",0,6,0,{"v":6,"d":"6.00"},45.27,{"v":0,"d":"0.00"},271.62,{"v":0,"d":"0.00"},271.62]
[101,null,"劳保物资","工业耐酸碱胶手套","4M/霍尼韦尔/代尔塔","12双/打","防化学品手部防护","双",0,224,0,{"v":224,"d":"224.00"},14.42,{"v":0,"d":"0.00"},3230.08,{"v":0,"d":"0.00"},3230.08]
[102,null,"劳保物资","耐酸耐碱胶手套","家保/东江红/联利","耐磨、防滑","防化防酸碱，手部防护","双",0,125,0,{"v":125,"d":"125.00"},6.27,{"v":0,"d":"0.00"},783.75,{"v":0,"d":"0.00"},783.75]
[103,null,"劳保物资","耐酸碱手套","联利/南洋/东方红","12双/打，带内衬耐磨防滑劳保手套，双层，左右手","手部防化防酸碱使用","双",0,92,0,{"v":92,"d":"92.00"},6.31,{"v":0,"d":"0.00"},580.52,{"v":0,"d":"0.00"},580.52]
[104,null,"劳保物资","防静电PU涂指手套","爱不释手、浤盛源、熊先生","M码，12双/打","安全生产","打",1,0,0,{"v":1,"d":"1.00"},16.75,16.75,{"v":0,"d":"0.00"},{"v":0,"d":"0.00"},16.75]
[105,null,"劳保物资","水鞋","回力/路利王/固莱科","中筒","防水用","双",0,63,0,{"v":63,"d":"63.00"},33.12,{"v":0,"d":"0.00"},2086.56,{"v":0,"d":"0.00"},2086.56]
[106,null,"劳保物资","耐酸耐碱靴","3M、霍尼韦尔、代尔塔、雨盾、回力","油加厚底高筒牛筋雨鞋","防化防酸碱，手部防护","双",0,310,45,{"v":355,"d":"355.00"},39.82,{"v":0,"d":"0.00"},{"v":12344.2,"d":"12344.20"},{"v":1791.9,"d":"1791.90"},{"v":14136.1,"d":"14136.10"}]
[107,null,"劳保物资","高、低压绝缘鞋","双安、中宝、阳光、X.C.U、糖朝","6-35KV绝缘靴 附带特防中心检验报告","配电房，有电环境绝缘防电使用","双",0,14,5,{"v":19,"d":"19.00"},115.34,{"v":0,"d":"0.00"},1614.76,{"v":576.7,"d":"576.70"},2191.46]
[108,null,"劳保物资","劳保鞋","霍尼韦尔、代尔塔、3m","防砸防水防静电","保护脚趾","双",0,568,0,{"v":568,"d":"568.00"},110.81,{"v":0,"d":"0.00"},62940.08,{"v":0,"d":"0.00"},62940.08]
[109,null,"劳保物资","10KV绝缘电工鞋","霍尼韦尔、代尔塔、3m、孚美尔、Sata/世达","10KV专用，防砸，防刺穿，绝缘耐磨，透气网面","电工操作用","双",10,107,45,{"v":162,"d":"162.00"},{"v":153.8,"d":"153.80"},{"v":1538,"d":"1538.00"},{"v":16456.6,"d":"16456.60"},{"v":6921,"d":"6921.00"},{"v":24915.6,"d":"24915.60"}]
[110,null,"劳保物资","包头防滑防护鞋","铂雅/华菲羊/依天使","防滑软厚底","防护脚","双",0,5,0,{"v":5,"d":"5.00"},40.93,{"v":0,"d":"0.00"},204.65,{"v":0,"d":"0.00"},204.65]
[111,null,"劳保物资","雨伞","任意品牌","双人加固防风晴雨长柄","下雨天","把",0,205,0,{"v":205,"d":"205.00"},30.97,{"v":0,"d":"0.00"},6348.85,{"v":0,"d":"0.00"},6348.85]
[112,null,"劳保物资","大扫把","任意品牌","2.3米长","生产区域卫生","把",0,20,0,20,17.46,{"v":0,"d":"0.00"},{"v":349.2,"d":"349.20"},{"v":0,"d":"0.00"},{"v":349.2,"d":"349.20"}]
[113,null,"劳保物资","驱蛇粉","悍顿、夏之雪、Searock/海岩、嘉嘉熊、SOUTH RANCH/南华千牧","防蛇防虫，5斤/桶","驱虫防蛇","桶",0,12,0,{"v":12,"d":"12.00"},63.57,{"v":0,"d":"0.00"},762.84,{"v":0,"d":"0.00"},762.84]
[114,null,"劳保物资","竹编箩筐","任意品牌","直径45cm高35cm","盛装零散物体","个",0,17,0,{"v":17,"d":"17.00"},59.47,{"v":0,"d":"0.00"},1010.99,{"v":0,"d":"0.00"},1010.99]
[115,null,"劳保物资","灭火器箱子","永安/桂安/利生","两层，可装2套呼吸器和2个4kg灭火器","装ABC干粉灭火器","个",0,50,0,{"v":50,"d":"50.00"},110.73,{"v":0,"d":"0.00"},{"v":5536.5,"d":"5536.50"},{"v":0,"d":"0.00"},{"v":5536.5,"d":"5536.50"}]
[116,null,"消防物资","两个装灭火器箱","共安/肇防/科兴","4KG，通用型","装ABC干粉灭火器","个",0,42,0,{"v":42,"d":"42.00"},54.22,{"v":0,"d":"0.00"},2277.24,{"v":0,"d":"0.00"},2277.24]
[117,null,"消防物资","消防沙箱","肇防、新技、永安","50cm*38cm*50cm","盛装消防沙，消防用","个",0,3,0,{"v":3,"d":"3.00"},138.38,{"v":0,"d":"0.00"},415.14,{"v":0,"d":"0.00"},415.14]
[118,null,"消防物资","安全物资应急柜","肇防、新技、永安","1800*1600*400mm","存放安全物资","个",0,6,0,{"v":6,"d":"6.00"},1258.06,{"v":0,"d":"0.00"},7548.36,{"v":0,"d":"0.00"},7548.36]
[119,null,"消防物资","应急物资柜","肇防、新技、永安","75cm*45cm*25cm","存放安全物资","个",0,4,0,{"v":4,"d":"4.00"},380.24,{"v":0,"d":"0.00"},1520.96,{"v":0,"d":"0.00"},1520.96]
[120,null,"消防物资","不锈钢灭火器箱","肇防、新技、永安","置地式，规格：约58*37*20cm,可放2个3KG二氧化碳灭火器","装灭火器","个",0,215,0,{"v":215,"d":"215.00"},215.12,{"v":0,"d":"0.00"},{"v":46250.8,"d":"46250.80"},{"v":0,"d":"0.00"},{"v":46250.8,"d":"46250.80"}]
[121,null,"消防物资","ABC干粉灭火器","永安/桂安/联塑","4kg，手提式，带消防S标","紧急消防灭火器","个",0,416,0,{"v":416,"d":"416.00"},43.81,{"v":0,"d":"0.00"},18224.96,{"v":0,"d":"0.00"},18224.96]
[122,null,"消防物资","二氧化碳灭火器","永安/桂安/联塑","3公斤","化验室消防","个",0,121,0,{"v":121,"d":"121.00"},132.44,{"v":0,"d":"0.00"},16025.24,{"v":0,"d":"0.00"},16025.24]
[123,null,"消防物资","水基灭火器","集太、倍宁、神龙","3L","电单车电池灭火","个",0,64,0,{"v":64,"d":"64.00"},66.01,{"v":0,"d":"0.00"},4224.64,{"v":0,"d":"0.00"},4224.64]
[124,null,"消防物资","推车式干粉灭火器","永安/桂安/利生","35kg推车式干粉灭火器","紧急消防灭火器","个",0,6,0,{"v":6,"d":"6.00"},498.29,{"v":0,"d":"0.00"},2989.74,{"v":0,"d":"0.00"},2989.74]
[125,null,"消防物资","聚氨酯泡沫填缝剂","家乐邦/纽盾/森戈","金装版950g/瓶","防汛堵电房电缆管","瓶",1,0,0,{"v":1,"d":"1.00"},32.95,32.95,{"v":0,"d":"0.00"},{"v":0,"d":"0.00"},32.95]
[126,null,"消防物资","消防水枪","天广/闽山/山河、沱雨","口径65cm，带消防S标","紧急消防灭火水带枪头","个",0,95,0,{"v":95,"d":"95.00"},30.41,{"v":0,"d":"0.00"},2888.95,{"v":0,"d":"0.00"},2888.95]
[127,null,"消防物资","消防水枪","天广/闽山/山河、沱雨","口径50cm ，带消防S标","紧急消防灭火水带枪头","个",0,2,0,{"v":2,"d":"2.00"},28.08,{"v":0,"d":"0.00"},56.16,{"v":0,"d":"0.00"},56.16]
[128,null,"消防物资","消防水带","天广/闽山/山河、沱雨","长20米，带前后快接，带S标，口径50/65","紧急消防灭火水带","条",0,186,0,{"v":186,"d":"186.00"},91.21,{"v":0,"d":"0.00"},16965.06,{"v":0,"d":"0.00"},16965.06]
[129,null,"消防物资","消防水带接口","天广/闽山/山河、沱雨","型号：201，国标KD65，子母扣，带卡箍，带S标","水带与水枪的连接头","对",0,48,0,{"v":48,"d":"48.00"},53.89,{"v":0,"d":"0.00"},2586.72,{"v":0,"d":"0.00"},2586.72]
[130,null,"消防物资","消防栓启闭扳手","天广/闽山/山河、沱雨","8寸（200）","开合消防栓使用","个",0,31,0,{"v":31,"d":"31.00"},{"v":25.4,"d":"25.40"},{"$f":"I132*M132","v":{"v":0,"d":"0.00"}},{"$f":"J132*M132","v":{"v":787.4,"d":"787.40"}},{"$f":"M132*K132","v":{"v":0,"d":"0.00"}},{"$f":"P132+O132+N132","v":{"v":787.4,"d":"787.40"}}]
[131,null,"消防物资","消防斧","天广/闽山/山河、沱雨","全长330mm，中碳钢","紧急消防备用工具","个",0,22,0,{"v":22,"d":"22.00"},{"v":71.5,"d":"71.50"},{"v":0,"d":"0.00"},{"v":1573,"d":"1573.00"},{"v":0,"d":"0.00"},{"v":1573,"d":"1573.00"}]
[132,null,"消防物资","消防黄沙桶","任意品牌","4L， 半圆烤漆铁桶，加厚","内装消防沙，紧急消防备用","个",0,76,0,{"v":76,"d":"76.00"},23.28,{"v":0,"d":"0.00"},1769.28,{"v":0,"d":"0.00"},1769.28]
[133,null,"消防物资","消防安全出口指示灯","桂安/敏华/安迅","双头，新国标应急时间≥90min，带消防S标,LED，照明灯3W，自带电源","断电后紧急楼层楼道指引","个",0,24,0,{"v":24,"d":"24.00"},26.55,{"v":0,"d":"0.00"},{"v":637.2,"d":"637.20"},{"v":0,"d":"0.00"},{"v":637.2,"d":"637.20"}]
[134,null,"消防物资","警示灯","任意品牌","12V 不带响；磁铁吸式","车顶或岗亭警示使用","个",1,0,0,{"v":1,"d":"1.00"},27.08,27.08,{"v":0,"d":"0.00"},{"v":0,"d":"0.00"},27.08]
[135,null,"消防物资","灭火器检查记录卡套","任意品牌","卡片规格9cm*12cm，卡片、卡套、扎带三合一","灭火器检查记录","套",0,1853,0,{"v":1853,"d":"1853.00"},0.77,{"v":0,"d":"0.00"},1426.81,{"v":0,"d":"0.00"},1426.81]
[136,null,"消防物资","灭火毯","胜安、百舸、洪湖","1米*1米","灭火应急使用","条",0,51,0,{"v":51,"d":"51.00"},25.23,{"v":0,"d":"0.00"},1286.73,{"v":0,"d":"0.00"},1286.73]
[137,null,"消防物资","防火泥","腾驰、趣行、者也","2公斤/包","防火堵烟，耐油防腐蚀，耐水耐高温","包",0,369,0,{"v":369,"d":"369.00"},14.07,{"v":0,"d":"0.00"},5191.83,{"v":0,"d":"0.00"},5191.83]
[138,null,"消防物资","胀裂式自动灭火装置","天广/闽山/山河、沱雨","1.0L","迅速投掷灭火","个",0,70,0,{"v":70,"d":"70.00"},91.18,{"v":0,"d":"0.00"},{"v":6382.6,"d":"6382.60"},{"v":0,"d":"0.00"},{"v":6382.6,"d":"6382.60"}]
[139,null,"消防物资","逃生应急箱","趣行、星空、腾驰","铝合金材质长455cm宽33cm高15cm，里面包含一个手电筒，一张灭火毯，2个逃生面具，一个灭火器，一条逃生绳一把腰斧，一双手套","消防应急使用，快捷方便","套",0,22,0,{"v":22,"d":"22.00"},{"v":323.6,"d":"323.60"},{"v":0,"d":"0.00"},{"v":7119.2,"d":"7119.20"},{"v":0,"d":"0.00"},{"v":7119.2,"d":"7119.20"}]
[140,null,"消防物资","独立式烟感器","168、松下、东消","独立式光电感烟火灾探测报警器","着火触发报警，可迅速逃离","个",0,10,0,{"v":10,"d":"10.00"},{"v":82.4,"d":"82.40"},{"v":0,"d":"0.00"},{"v":824,"d":"824.00"},{"v":0,"d":"0.00"},{"v":824,"d":"824.00"}]
[141,null,"消防物资","天然气报警器","岡祈/豪恩/凌防","任意","厨房天然气放置处安装","个",0,13,0,{"v":13,"d":"13.00"},76.96,{"v":0,"d":"0.00"},1000.48,{"v":0,"d":"0.00"},1000.48]
[142,null,"消防物资","灭火器放置点贴纸","任意品牌","40mm*50mm","消防标识","块",0,300,0,{"v":300,"d":"300.00"},6.16,{"v":0,"d":"0.00"},{"v":1848,"d":"1848.00"},{"v":0,"d":"0.00"},{"v":1848,"d":"1848.00"}]
[143,null,"消防物资","过滤式自救呼吸器","浙安、智汇、兴安、盟安","TZL30型，消防认证","消防逃生、自救","个",0,305,0,{"v":305,"d":"305.00"},26.62,{"v":0,"d":"0.00"},{"v":8119.1,"d":"8119.10"},{"v":0,"d":"0.00"},{"v":8119.1,"d":"8119.10"}]
[144,null,"消防物资","通风机配套软管","阿斯卡利、 六奥、HEYUNCN、 欧士戈、阿斯卡利","350mm，10m/条，钢丝骨架，PVC夹网布，防腐，耐酸碱，阻燃","有限空间作业通风","条",0,16,0,{"v":16,"d":"16.00"},319.73,{"v":0,"d":"0.00"},5115.68,{"v":0,"d":"0.00"},5115.68]
[145,null,"劳保物资","消防防火套装","美康、华通、梅思安","含衣服、帽子、腰带、手套、鞋子消防防火套  加厚型","消防阻燃训练","套",0,11,0,{"v":11,"d":"11.00"},876.11,{"v":0,"d":"0.00"},9637.21,{"v":0,"d":"0.00"},9637.21]
[146,null,"消防物资","反光衣","安大叔、路达、亿中","红黄相间","方便紧急辨识，应急","件",0,20,0,{"v":20,"d":"20.00"},23.59,{"v":0,"d":"0.00"},{"v":471.8,"d":"471.80"},{"v":0,"d":"0.00"},{"v":471.8,"d":"471.80"}]
[147,null,"消防物资","消防软梯","任意品牌","10米/架，高强度涤纶绳：最大承重420KG，环氧树脂防滑梯管","逃生自救使用","架",0,6,0,{"v":6,"d":"6.00"},216.04,{"v":0,"d":"0.00"},1296.24,{"v":0,"d":"0.00"},1296.24]
[148,null,"消防物资","安全出口指示灯","敏华/桂安/安迅","单面 安全出口，3C认证 新国标led，1W，自带蓄电池","断电紧急供电使用","个",10,0,0,{"v":10,"d":"10.00"},32.02,{"v":320.2,"d":"320.20"},{"v":0,"d":"0.00"},{"v":0,"d":"0.00"},{"v":320.2,"d":"320.20"}]
[149,null,"消防物资","防汛沙包袋","任意品牌","70*25CM标准款","装消防备用沙","套",0,570,0,{"v":570,"d":"570.00"},8.85,{"v":0,"d":"0.00"},{"v":5044.5,"d":"5044.50"},{"v":0,"d":"0.00"},{"v":5044.5,"d":"5044.50"}]
[150,null,"消防物资","消防铁铲","任意品牌","消防专用铁锹1米","紧急消防备用工具","把",0,75,0,{"v":75,"d":"75.00"},45.12,{"v":0,"d":"0.00"},{"v":3384,"d":"3384.00"},{"v":0,"d":"0.00"},{"v":3384,"d":"3384.00"}]
["不含税合计（元）",{"$nulls":15},{"$f":"SUM(Q3:Q152)","v":1619649.08}]
["注：本清单项目价格为不含税价格。"]